TV Bratislava ako významný regionálny komunikátor v reflexii času

Elektronické masmédiá, ako integrálna súčasť kultúrneho systému spoločnosti, výrazne zasahujú svojím intenzívnym vplyvom do postojov a názorov širokého auditória spoločnosti, do individuálneho a verejného života. Nástup elektronických masmédií priniesol do pev ného zoskupenia tradičných foriem kultú...

Ausführliche Beschreibung

Gespeichert in:
Bibliographische Detailangaben
1. Verfasser: Chudinová, Eva
Format: Buchkapitel
Sprache:Slowakisch
Schlagworte:
Tags: Tag hinzufügen
Keine Tags, Fügen Sie das erste Tag hinzu!

MARC

LEADER 00000naa a2200000 4500
001 0245560
005 20180619111100.5
041 0 |a slo 
044 |a SK 
245 1 0 |a TV Bratislava ako významný regionálny komunikátor v reflexii času  |c Eva Chudinová 
520 |a Elektronické masmédiá, ako integrálna súčasť kultúrneho systému spoločnosti, výrazne zasahujú svojím intenzívnym vplyvom do postojov a názorov širokého auditória spoločnosti, do individuálneho a verejného života. Nástup elektronických masmédií priniesol do pev ného zoskupenia tradičných foriem kultúry prevratné zmeny, pristúpila sprostredkovaná kultúra životného štýlu a hodnôt, pričom tradičná kultúra a elektronické médiá vytvorili symbiózu, ktorej výsledkom je neustály proces reprodukcie kultúrno‑spoločenských hodnôt. Vstup Televízie Bratislava do mediálneho priestoru. Realizácia projektu Televízie Bratislava. Financovanie regionálnej televízie. Technické a personálne zázemie. 
610 2 0 |a médiá 
610 2 0 |a televízia 
610 2 0 |a komunikácia masmediálna 
100 1 |a Chudinová, Eva